|
|
|
|
| LEADER |
01357nam a22003372a 4500 |
| 001 |
001914238 |
| 003 |
CZ BrMZK |
| 005 |
20241104075928.0 |
| 007 |
ta |
| 008 |
241104s1985 xr a er|||||||||||cze d |
| 040 |
|
|
|a ABE310
|b cze
|
| 080 |
|
|
|a 73-05(437.31)"1945/-"Beránek,J.
|
| 080 |
|
|
|a 73-05(437.31)"198"Beránek,J.
|
| 080 |
|
|
|a 75-05(437.31)"1947/-"Novák,V.
|
| 080 |
|
|
|a 75-05(437.31)"198"Novák,V.
|
| 245 |
0 |
0 |
|a Jiří Beránek :
|b sochy, Vladimír Novák : obrazy /
|c [výst.: Kostelec nad Černými lesy, 3.5.-10.6.1985 ; fotografie: Alexandr Janovský, Hana Hamplová]
|
| 260 |
|
|
|a [S.l.] :
|b [s.n.],
|c [1985]
|
| 300 |
|
|
|a [14] s. :
|b čb. obr.
|
| 500 |
|
|
|a Autorka úvodu: Alexandra Berková.
|
| 500 |
|
|
|a Biogr.
|
| 500 |
|
|
|a Název převzat z obálky, není tit. list.
|
| 600 |
1 |
7 |
|a Beránek, Jiří,
|d 1945-2021
|7 jn20000400167
|2 czenas
|
| 600 |
1 |
7 |
|a Novák, Vladimír,
|d 1947-2024
|7 jk01090550
|2 czenas
|
| 653 |
0 |
|
|a malíři
|a obrazy
|a sochaři
|a sochy
|a výstavy
|a výtvarníci
|
| 700 |
1 |
|
|a Berková, Alexandra,
|d 1949-2008
|7 jk01011850
|4 wfw
|
| 700 |
1 |
|
|a Janovský, Alexandr,
|d 1945-
|7 jo20000082690
|4 pht
|
| 700 |
1 |
|
|a Hamplová, Hana,
|d 1951-
|7 jn20000400866
|4 pht
|
| 910 |
|
|
|a BOA001
|b X2-1533.706
|
| 990 |
|
|
|a BK
|
| 991 |
|
|
|b 202410
|
| 996 |
6 |
|
|b 2610984539
|c X2-1533.706
|l MZK
|r Sklad / do 24 hodin
|n 0
|p dar
|w 001983233
|u 000010
|a 1
|e BOA001
|j MZK50
|s P
|